000 00318nam a22001337a 4500
008 170907b xxu||||| |||| 00| 0 eng d
020 _a0070267561
041 _aeng
080 _a72
100 _a41
101 _aAARK
245 _aDICTIONARY OF ARCHITECTURE AND CONSTRUCTION
_cHARRIS.C.M
942 _2udc
_cBK
999 _c26453
_d26453